01717nam a2200313 a 450000100100000000500170001000800410002702000150006804000250008308200150010810000270012324500810015026000570023130000270028859000250031565000700034065000450041065000600045565100520051571000600056791000370062795201130066495201120077795201180088995201270100795201270113495201270126199900150138800000611420200929151933.0090826s2003 dr 001 0 spa d a9993433608 aDO-SdBNPbspacBNPHU a352bB748t1 aBotero, Sofía91721310aTransparencia, descentralización y democracia /cSofia Botero... [et al.]. aSanto Domingo :bFundación para la Reforma,c2003. a116 p. :bil ;c21 cm. aInventariado,2018/DG 4aDescentralización en el gobiernozRepública Dominicana917214 4aDemocraciazRepública Dominicana96412 4aDesarrollo participativozRepública Dominicana917215 4aRepública DominicanaxPolítica Social926272 aWoodrow Wilson International Center for Scholars917216 aValidado. Control de calidad EMS 00107-18PDaGRbGRcOId2013-07-08iLF1l0o352 B748tp6114-60r2020-06-25w2020-06-25yLFPDZNo se presta 0010718PDaPDbPDcHDd2009-08-26iLF1l0o352 B748tp6114-10r2020-06-25w2020-06-25yLFPDZNo se presta 0010718PDaPDbPDcHDd2009-08-26iLF1l0o352 B748tp6114-20r2020-06-25te. 2w2020-06-25yLFPDZNo se presta 001054708DSaPDbPDcHDd2013-05-13iLF1l0o352 B748tp6114-30r2020-06-25te. 3w2020-06-25yLFDSZPréstamo en sala 001054708DSaPDbPDcHDd2013-05-13iLF1l0o352 B748tp6114-40r2020-06-25te. 4w2020-06-25yLFDSZPréstamo en sala 001052708DSaPDbPDcHDd2013-07-08iLF1l0o352 B748tp6114-50r2020-06-25te. 5w2020-06-25yLFDSZPréstamo interno c5910d5910